Gesammelte Schriften

I tiakina i:
Ngā taipitopito rārangi puna kōrero
Kaituhi matua: Dilthey, Wilhelm (Author)
Hōputu: Pukapuka
Reo:Tiamana
I whakaputaina: Stuttgart B. G. Teubner 1966
Putanga:6a. ed
Ngā marau:
Ngā Tūtohu: Tāpirihia he Tūtohu
Kāore He Tūtohu, Me noho koe te mea tuatahi ki te tūtohu i tēnei pūkete!

MARC

LEADER 00000nam a2200000 a 4500
001 UCZ5116
003 CL-VaPUC
008 951117e19660000GW |||||||||||||||||ger|d
082 0 4 |a 147.3  |b DIL  |2 21 
100 0 |a Dilthey, Wilhelm  |e author  |9 335712 
245 1 0 |a Gesammelte Schriften 
250 |a 6a. ed 
300 |a v 
942 |c BK 
945 |d 19951117 00:00:00  |a cmena 
260 |a Stuttgart  |b B. G. Teubner  |c 1966 
500 |a v.1: Einleitung in die Geisteswissenschaften: Versuch einer Grundlegung für das studium der Gesellschaft und der Geschichte 
650 0 |a Vitalismo  |9 311571 
650 0 |a Filosofía del espíritu  |9 320175 
650 7 |a PANTEISMO  |2 CL-VaPUC  |9 338863 
650 0 |a Filosofía alemana   |9 265002 
650 0 |a Hermenéutica  |9 269473 
650 0 |a Psicología   |9 257863 
650 0 |a Sociología   |9 255410 
583 |a last modification  |c 19951117 00:00:00  |k Rodrigo Vera 
999 |c 241441  |d 241439 
952 |0 0  |1 0  |4 0  |6 147_300000000000000_DIL_1966  |7 0  |8 P  |9 253765  |a BIBEDU  |b BIBEDU  |d 2019-11-19  |h v.1  |i 1574086  |o 147.3 DIL 1966  |p 1574086  |r 2025-01-22  |w 2019-11-19  |y BK  |k FIL